000 00269nam a22001097a 4500
999 _c166825
_d166825
082 _a
_b
100 _asubhash mukhopadhyay
245 _aAgnigarbha/
_cby subhash mukhopadhyay.
260 _aNew Delhi:
_bBharathiya Vidya Prakashan,
_c1992.
650 _a
942 _cBK